| 000 | 00496nam a2200217Ia 4500 | ||
|---|---|---|---|
| 003 | IT-RoPAU | ||
| 008 | 120407s9999 xx 000 0 und d | ||
| 040 | _aIT-RoPAU | ||
| 040 | _cIT-RoPAU | ||
| 041 | _aita | ||
| 100 | _aErnesto Olivero | ||
| 245 | _aDomande difficili. La fede, la morte, il senso della vita, Gesù... 2a ed. | ||
| 250 | _aRoma | ||
| 260 | _aCittà Nuova | ||
| 260 | _c1981 | ||
| 300 | _a213 p. | ||
| 300 | _c20 cm | ||
| 490 | _v1 | ||
| 942 | _cBK | ||
| 999 |
_c28889 _d28889 |
||